Los mandarines del derecho Trasplantes jurd̕icos, anl̀isis cultural del derecho y trabajo pro bono en Amřica Latina /

Bibliographic Details
Main Author: Bonilla Maldonado, Daniel
Format: eBook
Language:Spanish
Published: Bogot:̀ Siglo del Hombre Editores, 2017
Subjects:
Online Access:Acceso restringido

MARC

LEADER 00000nam a22000007a 4500
005 2021050309229.0
007 cr|||| ||||
008 210503s2017 co |||||s|||| 00||0 spa d
020 |a 978-958-665-420-3 
035 |a 33223 
040 |a vLex 
090 |c 11586  |d 11586 
100 1 |a Bonilla Maldonado, Daniel 
245 1 3 |a Los mandarines del derecho  |h [Recurso electrn̤ico] :  |b Trasplantes jurd̕icos, anl̀isis cultural del derecho y trabajo pro bono en Amřica Latina /  |c Daniel Bonilla Maldonado 
256 |a Servicio en ln̕ea 
260 |a Bogot:̀  |b Siglo del Hombre Editores,  |c 2017 
300 |a 1 recurso electrn̤ico 
500 |a Las democracias liberales modernas han articulado cuatro instituciones para materializar las obligaciones del Estado y los juristas con respecto al acceso a la justicia, y que a su vez combaten el df̌icit del mismo: la defensora̕ pb︢lica, la abogaca̕ de oficio, los consultorios jurd̕icos y el trabajo pro bono. Este libro examina el trabajo jurd̕ico pro bono. Por un lado, busca describir y analizar la arquitectura conceptual del discurso transnacional que sostiene al discurso pro bono y, por el otro, tiene como fin hacer uso de estas herramientas ter̤icas para describir y analizar el discurso y las prc̀ticas pro bono que se han articulado en Argentina, Colombia y Chile. 
506 1 |a Disponible solo en los productos indicados  |d vLex Global  |d vLex Global (Academic Edition, excluding Law Schools)  |d vLex Global (U.S. Academic Edition, Law Schools)  |d vLex Global (U.S. Academic Edition, excluding Law Schools)  |d vLex Global (Academic Edition, Law Schools) 
650 0 4 |a Derecho Constitucional  |z Colombia 
650 0 4 |a Derecho Militar  |z Colombia 
740 0 |a vLex Libros (Servicio en ln̕ea) 
856 4 0 |u https://vlex.com/source/mandarines-del-derecho-trasplantes-juridicos-analisis-cultural-del-derecho-y-trabajo-pro-bono-en-america-latina-33223  |z Acceso restringido 
942 |c BOOK 
999 0 |a Constitutional Law 
999 0 |a Military Law